<?xml version="1.0" encoding="UTF-8"?>
<marc:record xmlns:marc="http://www.loc.gov/MARC21/slim">
   <marc:leader>00000nam a2200000 a 4500</marc:leader>
   <marc:datafield ind1=" " ind2=" " tag="653">
      <marc:subfield code="a">s||?Änderung</marc:subfield>
   </marc:datafield>
   <marc:datafield ind1=" " ind2=" " tag="653">
      <marc:subfield code="a">f||?Aufsatzsammlung</marc:subfield>
   </marc:datafield>
   <marc:datafield ind1=" " ind2=" " tag="653">
      <marc:subfield code="a">s||?Praktische Theologie</marc:subfield>
   </marc:datafield>
   <marc:datafield ind1=" " ind2=" " tag="653">
      <marc:subfield code="a">s||?Arbeitswelt</marc:subfield>
   </marc:datafield>
   <marc:datafield ind1=" " ind2=" " tag="653">
      <marc:subfield code="a">s||?Arbeit</marc:subfield>
   </marc:datafield>
   <marc:datafield ind1=" " ind2=" " tag="653">
      <marc:subfield code="a">s||?Katholische Soziallehre</marc:subfield>
   </marc:datafield>
   <marc:datafield ind1="0" ind2="0" tag="245">
      <marc:subfield code="a">Theologisch-praktische Quartalschrift</marc:subfield>
   </marc:datafield>
   <marc:datafield ind1=" " ind2="1" tag="264">
      <marc:subfield code="a">Regensburg</marc:subfield>
      <marc:subfield code="b">Pustet</marc:subfield>
      <marc:subfield code="c">2024</marc:subfield>
   </marc:datafield>
   <marc:datafield ind1=" " ind2=" " tag="250">
      <marc:subfield code="a">172</marc:subfield>
   </marc:datafield>
   <marc:datafield ind1="1" ind2=" " tag="520">
      <marc:subfield code="a">Räumliche und zeitliche Entgrenzung, Beschleunigung und Digitalisierung, Entstandardisierung und Prekarisierung &#x96; die Arbeitswelt ist im Umbruch, längst nicht mehr nur an ihren Rändern. Im Sog der Veränderung von Erwerbsarbeit wird unentgeltlich geleistete Arbeit nur allzu leicht ausgeblendet: Care- und Familienarbeit oder sozialer und gesellschaftlicher Einsatz spielen in Debatten um Arbeit meist eine untergeordnete Rolle. Und welchen Wert können Freizeit und Muße heute eigentlich noch behaupten? Heft 3/2024 der Theologisch-praktischen Quartalschrift nimmt Arbeit umfassend in den Blick. Ein Bezugspunkt ist dabei der in der Enzyklika "Laborem exercens" formulierte Anspruch, dass der Mensch sich in der Arbeit "selbst als Mensch verwirklicht" und "gewissermaßen mehr Mensch" wird.</marc:subfield>
   </marc:datafield>
   <marc:datafield ind1=" " ind2=" " tag="022">
      <marc:subfield code="a">00405663</marc:subfield>
   </marc:datafield>
   <marc:datafield ind1=" " ind2=" " tag="041">
      <marc:subfield code="a">ger</marc:subfield>
   </marc:datafield>
   <marc:datafield ind1="0" ind2=" " tag="490">
      <marc:subfield code="v">17203</marc:subfield>
   </marc:datafield>
   <marc:datafield ind1=" " ind2=" " tag="542">
      <marc:subfield code="d">Katholisch-Theologische Hochschule &lt;Linz&gt;</marc:subfield>
   </marc:datafield>
</marc:record>
